01190nam a2200277Ia 4500003000900000008004100009020002200050040001600072080002200088111007300110245017800183260006100361300001600422490006600438650003400504650004000538650003600578650004000614700003200654700003100686700003100717700003400748942000700782999001700789952010600806IN-BaIIA211028s9999 xx 000 0 eng d a978-1-58381-780-3 cIIA Library a082.2:52bASP-449 aAstronomical Polarimetry 2008cQuebec, Canadad2008 July 6-11935113 0aAstronomical polarimetry 2008bscience from small to large telescopes; proceedings of a workshop held in Quebec, Canada, July 6-11, 2008cedited by Pierre Bastien…[et al.] aSan FranciscobAstronomical Society of the Pacificc2011 axiii, 466p. aAstronomical Society of the Pacific conference series; v. 449 aAstronomy - congresses911249 aLarge telescope - congresses935114 aPolarimetry - congresses930789 aSmall telescope - congresses935115 aBastien, Pierre, ed.935116 aClemens, D. P., ed.935117 aManset, Nadine, ed.935118 aSt-Louis, Nicole., ed.922339 cBK c18330d18330 00104070aBANbBANcGENd2012-08-23l0o082.2:52/ ASP-449p19252r2021-11-05w2012-08-23yBK 77.00